| 000 | 00582nam a2200193 a 4500 | ||
|---|---|---|---|
| 001 | 000665434 | ||
| 003 | AM-YeHGA | ||
| 005 | 20250617141738.0 | ||
| 008 | 090609s1964 ||| r 000 0 rus d | ||
| 040 | _aAM-YeHGA | ||
| 041 | 0 | _arus | |
| 100 | 1 | _aЕлагин, Владимир Дмитриевич | |
| 245 | 1 | 0 |
_aПшеница / _cВ. Елагин. |
| 260 |
_aМосква : _bМоск. рабочий, _c1964. |
||
| 300 |
_a160 с. : _bил. |
||
| 440 | 0 | _aЗнакомься, дружи! | |
| 653 | 0 | _aХлеб - Выращивание и уборка | |
| 090 | _c246022 | ||
| 999 |
_c244437 _d244437 |
||